000 nam a22 a 4500
999 _c142972
_d142972
003 BLK
005 20230119173853.0
008 180409b bul|||||r ||||||| ||bul||
010 _aKNG00149075000
040 _aBLK
041 _aBUL
_cBUL
080 _aБългарска литература
_b821.163.2
_x-93-32
_z821.163.2-93-32
100 1 _aЦончев, Дончо Стефанов
_eпърви автор
_9367144
139 _aЦончев, Дончо Стефанов
_bЦ 85
245 1 0 _aТатко, дядо и аз
_bРазкази : За средна училищна възраст
_cДончо Стефанов Цончев; худож. Димитър Войнов.
257 _aBGR
260 _aСофия
_bНар. младеж
_c1977
300 _a88 с.
_bс ил.
_c22 см
380 _aDX
500 _a15 137 тир.
700 1 _aВойнов, Димитър
_eхудож.
_9376895
852 _aЦб 262525
856 4 _qpdf
_i0.37
_ldisable
856 4 _qpdf
_i0.37
_ldisable
942 _cKNG
_n0
_s1
944 _aCR
_c08.08.2013
_l08.08.2013 - от С1,Р / 08.08.2013
_kСерджан_Ахмедов
944 _aED
_c15.09.2017
_l08.08.2013 - от С1,Р / 08.08.2013
_kХристина_Везирева
999 _d142972